000 00863nam a2200229Ia 4500
001 L301-57219
003 IT-CnALBA
008 170116s9999||||xx |||||||||||||| ||und||
040 _aIT-CnALBA
_cIT-CnALBA
041 _aITALIANO
100 _aAA. VV.
245 0 _aLA LEGGE. CORSO MEDIO. ANNO II.
250 _a1a ed.
260 _aROMA
_bGIOVENTÙ ITALICA SOC. EDITRICE. ROMA
_c1950 [1° Ed.:1950 - Ed.Ling.Originale: 1950]
300 _a96 p.
500 _aIL PECCATO. I COMANDAMENTI. DOVERI DEL PROPRIO STATO. VIRTÙ TEOLOGALI CONSIGLI EVANGELICI.
501 _aSocietà San Paolo EM - Piazza San Paolo, 14 - 12051 ALBA (CN) (non commercial uses only) ® Copyright 2017
520 _aIL PECCATO. I COMANDAMENTI. DOVERI DEL PROPRIO STATO. VIRTÙ TEOLOGALI CONSIGLI EVANGELICI.
650 _aSCIENZE SOCIALI
942 _cBK
957 _71
999 _a77736
_bNO
_g Copie: 1
_c317118
_d317118